Multiple Choice City Quiz – Toronto - Statistics

General Stats
  • This quiz has been taken 99 times
    63 since last reset
  • The average score is 6 of 10
Answer Stats
Question Answer % Correct
Toronto originally known by which of the following names? York
88%
Known as one of the "Big Five", this film festival is held in Toronto every September: Toronto International Film Festival
81%
What does the 'CN' in CN Tower stand for? Canadian National
75%
The old buildings of Gooderham and Worts serves as the location for which Toronto district? Distillery District
71%
The land Toronto was built on was purchased from what group of First Nations peoples? Mississauga
71%
What is the name of the network of alleyways popular with street artists? Graffiti Alley
62%
What "great" natural disaster destroyed much of downtown Toronto in 1904? Fire
56%
Which of the following musicians were born in Toronto? The Weeknd
52%
Which Canadian prime minister was born in Toronto? Stephen Harper
40%
The Toronto Maple Leafs were the first professional sports team to do what? Retire a number
38%
No matching quizzes found
Score Distribution
Percent of People with Each Score
Percentile by Number Answered
Your Score History
You have not taken this quiz since the last reset